[Event "Brno Open 2025 - A IM Round Robin"]
[Site "Bobycentrum hotel, Brno"]
[Date "2025.11.08"]
[Round "1"]
[Board "1"]
[White "Prazak, Daniel"]
[Black "Brzezina, Piotr"]
[Result "1/2-1/2"]
[WhiteElo "2359"]
[BlackElo "2330"]
[PlyCount "31"]
[EventDate "2025.11.08"]
[EventRounds "9"]
[EventCountry "CZE"]

1. e4 e5 2. Nf3 Nc6 3. Bc4 Bc5 4. c3 Nf6 5. d3 d6 6. O-O a5 7. Re1 Ba7 8. Nbd2 O-O
9. Nf1 Ne7 10. h3 Ng6 11. Ng3 c6 12. Bb3 d5 13. exd5 Nxd5 14. d4 exd4 15. Nxd4 Be6
16. Ne4  1/2-1/2

[Event "Brno Open 2025 - A IM Round Robin"]
[Site "Bobycentrum hotel, Brno"]
[Date "2025.11.08"]
[Round "1"]
[Board "3"]
[White "Korszanski, Stanislaw"]
[Black "Vyskocil, Neklan"]
[Result "1/2-1/2"]
[WhiteElo "2219"]
[BlackElo "2267"]
[PlyCount "52"]
[EventDate "2025.11.08"]
[EventRounds "9"]
[EventCountry "CZE"]

1. e4 c5 2. Nf3 Nc6 3. d4 cxd4 4. Nxd4 e5 5. Nb5 d6 6. N1c3 a6 7. Na3 Be6 8. Nc4
Rb8 9. Bd3 Nf6 10. Ne3 g6 11. O-O Bg7 12. Ned5 Bxd5 13. exd5 Ne7 14. f4 O-O 15. fxe5
dxe5 16. Bg5 Qb6+ 17. Kh1 Nexd5 18. Nxd5 Nxd5 19. Bc4 Nf4 20. Bxf4 exf4 21. Rxf4
Qxb2 22. Rxf7 Rxf7 23. Bxf7+ Kh8 24. Rb1 Qf6 25. Bd5 b5 26. c4 Qd4  1/2-1/2

[Event "Brno Open 2025 - A IM Round Robin"]
[Site "Bobycentrum hotel, Brno"]
[Date "2025.11.08"]
[Round "1"]
[Board "4"]
[White "Kulkarni, Bhakti"]
[Black "Sliwerski, Radoslaw"]
[Result "1-0"]
[WhiteElo "2318"]
[BlackElo "2047"]
[PlyCount "47"]
[EventDate "2025.11.08"]
[EventRounds "9"]
[EventCountry "CZE"]

1. d4 Nf6 2. c4 e6 3. Nf3 d5 4. g3 dxc4 5. Bg2 c5 6. O-O Nc6 7. Ne5 Bd7 8. Na3 cxd4
9. Naxc4 Bc5 10. Qb3 O-O 11. Nd3 Be7 12. Bf4 Nd5 13. Bd2 b5 14. Nce5 Bf6 15. Nxd7
Qxd7 16. Qxb5 Rab8 17. Qa4 Rfc8 18. Rfc1 Qe8 19. Rc2 Nb6 20. Qa6 Ne5 21. Rac1 Rxc2
22. Rxc2 Qa4 23. Qxa4 Nxa4 24. Bf4  1-0

[Event "Brno Open 2025 - A IM Round Robin"]
[Site "Bobycentrum hotel, Brno"]
[Date "2025.11.08"]
[Round "1"]
[Board "5"]
[White "Nemitz, Alfred"]
[Black "Andries, Alf"]
[Result "1-0"]
[WhiteElo "2296"]
[BlackElo "2109"]
[PlyCount "155"]
[EventDate "2025.11.08"]
[EventRounds "9"]
[EventCountry "CZE"]

1. d4 Nf6 2. c4 e6 3. Nf3 Bb4+ 4. Bd2 Qe7 5. g3 Bxd2+ 6. Qxd2 Nc6 7. Bg2 Ne4 8. Qc2
Qb4+ 9. Nc3 Nxc3 10. Qxc3 Qxc3+ 11. bxc3 Na5 12. Nd2 Rb8 13. c5 b6 14. Rb1 Ba6 15.
f4 Ke7 16. Kf2 bxc5 17. dxc5 d5 18. cxd6+ cxd6 19. Rb4 Rxb4 20. cxb4 Nc4 21. Nb3
Rb8 22. Nd4 Bb7 23. Rc1 d5 24. e4 Rc8 25. exd5 Bxd5 26. Nf5+ Kf6 27. Bxd5 exd5 28.
Ne3 Rd8 29. Nxc4 dxc4 30. Ke2 Rd4 31. Rc3 Ke6 32. Ra3 c3 33. Rxc3 Rxb4 34. Ra3 Rb7
35. Kd3 Kd5 36. Rc3 f5 37. Ra3 g6 38. Ra5+ Kc6 39. h3 Rd7+ 40. Ke3 Kd6 41. Kf3 Ke6
42. g4 Rd3+ 43. Kg2 fxg4 44. hxg4 Rd7 45. Kh3 Rf7 46. Kg3 Kf6 47. a4 h6 48. Ra6+
Kg7 49. a5 Rc7 50. Kh4 Rf7 51. Kg3 h5 52. g5 Kh7 53. Rc6 Kg7 54. Rd6 Kh7 55. a6 Kg7
56. Kf3 Re7 57. Rd8 Kf7 58. Rb8 Re6 59. Rb7+ Re7 60. Kg3 Kf8 61. f5 gxf5 62. Kf4
h4 63. Kxf5 h3 64. Kf6 h2 65. Rb1 Re2 66. Kg6 Rg2 67. Rb8+ Ke7 68. Rh8 Ra2 69. Kg7
Rg2 70. g6 Ke6 71. Rh5 Ke7 72. Rh3 Ke6 73. Kh7 Kf6 74. Rh6 Ke7 75. Kg7 Rf2 76. Kh8
Rf6 77. Rh7+ Ke6 78. g7  1-0

[Event "Brno Open 2025 - A IM Round Robin"]
[Site "Bobycentrum hotel, Brno"]
[Date "2025.11.09"]
[Round "2"]
[Board "1"]
[White "Brzezina, Piotr"]
[Black "Andries, Alf"]
[Result "1-0"]
[WhiteElo "2330"]
[BlackElo "2109"]
[PlyCount "71"]
[EventDate "2025.11.08"]
[EventRounds "9"]
[EventCountry "CZE"]

1. d4 Nf6 2. c4 e6 3. Nc3 Bb4 4. e3 O-O 5. Bd3 d5 6. a3 Bxc3+ 7. bxc3 dxc4 8. Bxc4
c5 9. Ne2 Qc7 10. Bd3 e5 11. O-O Nc6 12. Ng3 Be6 13. Bd2 Rac8 14. Qe2 Rfd8 15. f4
exd4 16. cxd4 c4 17. Bb1 Na5 18. Bc3 Bg4 19. Qc2 Nb3 20. Ra2 g6 21. h3 Nd5 22. hxg4
Nxe3 23. Qf2 Nxf1 24. Kxf1 Nc1 25. Rd2 Nd3 26. Bxd3 cxd3 27. Rxd3 Qc4 28. Qd2 Rd5
29. Ne4 Qa6 30. Kf2 f5 31. gxf5 gxf5 32. Rg3+ Kh8 33. Ng5 Qf6 34. Qa2 Rcd8 35. Rh3
h6 36. Rxh6+  1-0

[Event "Brno Open 2025 - A IM Round Robin"]
[Site "Bobycentrum hotel, Brno"]
[Date "2025.11.09"]
[Round "2"]
[Board "2"]
[White "Sliwerski, Radoslaw"]
[Black "Nemitz, Alfred"]
[Result "1/2-1/2"]
[WhiteElo "2047"]
[BlackElo "2296"]
[PlyCount "130"]
[EventDate "2025.11.08"]
[EventRounds "9"]
[EventCountry "CZE"]

1. d4 Nf6 2. c4 e6 3. Nc3 Bb4 4. f3 c5 5. d5 b5 6. e4 O-O 7. Nh3 bxc4 8. Bxc4 exd5
9. Bxd5 Nxd5 10. Qxd5 Ba6 11. Bf4 Nc6 12. Kf2 c4 13. Rhd1 Ba5 14. Qh5 f5 15. Kg1
Qb6+ 16. Kh1 Qxb2 17. Nd5 g6 18. Qh4 Bd8 19. Qg3 c3 20. Rdb1 Bd3 21. Rxb2 cxb2 22.
Rg1 b1=Q 23. Rxb1 Bxb1 24. Bh6 Rf7 25. Nhf4 Ne5 26. h4 fxe4 27. Nc3 Rc8 28. Nfd5
Rf5 29. Bg5 exf3 30. gxf3 Bxg5 31. hxg5 Kf7 32. Qh4 Ke6 33. Qb4 Rxc3 34. Nxc3 Bd3
35. f4 Nc4 36. Qb8 Nd6 37. Qg8+ Rf7 38. Qa8 Rf5 39. Qg8+ Rf7 40. Qa8 Rf5 41. Qxa7
Rxf4 42. Qe3+ Be4+ 43. Nxe4 Rxe4 44. Qb3+ Ke5 45. a4 Re1+ 46. Kg2 Ne4 47. Qb5+ Kf4
48. a5 Ra1 49. Qb6 d5 50. Qb8+ Ke3 51. Qb3+ Kf4 52. Qxd5 Ra3 53. Qf7+ Kg4 54. Qe6+
Kf4 55. a6 Ra5 56. Qf7+ Ke3 57. Qa7+ Kd3 58. Qd7+ Ke3 59. Qa7+ Kd3 60. Qb7 Rxg5+
61. Kf3 Rf5+ 62. Kg2 Rg5+ 63. Kf3 Rf5+ 64. Kg2 Rg5+ 65. Kf3 Rf5+  1/2-1/2

[Event "Brno Open 2025 - A IM Round Robin"]
[Site "Bobycentrum hotel, Brno"]
[Date "2025.11.09"]
[Round "2"]
[Board "3"]
[White "Vyskocil, Neklan"]
[Black "Kulkarni, Bhakti"]
[Result "1/2-1/2"]
[WhiteElo "2267"]
[BlackElo "2318"]
[PlyCount "24"]
[EventDate "2025.11.08"]
[EventRounds "9"]
[EventCountry "CZE"]

1. e4 e5 2. Nf3 Nf6 3. Nxe5 d6 4. Nf3 Nxe4 5. Nc3 Nxc3 6. dxc3 Be7 7. Be3 Nd7 8.
Qd2 Ne5 9. Nxe5 dxe5 10. Qxd8+ Bxd8 11. O-O-O Be6 12. g3 Be7  1/2-1/2

[Event "Brno Open 2025 - A IM Round Robin"]
[Site "Bobycentrum hotel, Brno"]
[Date "2025.11.09"]
[Round "2"]
[Board "4"]
[White "Kejna, Piotr"]
[Black "Korszanski, Stanislaw"]
[Result "1-0"]
[WhiteElo "2348"]
[BlackElo "2219"]
[PlyCount "37"]
[EventDate "2025.11.08"]
[EventRounds "9"]
[EventCountry "CZE"]

1. d4 Nf6 2. c4 b6 3. Nc3 Bb7 4. Qc2 d5 5. cxd5 Nxd5 6. e4 Nxc3 7. bxc3 e6 8. Nf3
Nd7 9. Bd3 c5 10. O-O Rc8 11. Qe2 cxd4 12. cxd4 Bb4 13. Rb1 Qe7 14. e5 f5 15. Ba6
Rc2 16. Qxc2 Bxa6 17. Bg5 Qf7 18. Qc6 Bxf1 19. Qc8#  1-0

[Event "Brno Open 2025 - A IM Round Robin"]
[Site "Bobycentrum hotel, Brno"]
[Date "2025.11.09"]
[Round "2"]
[Board "5"]
[White "Prazak, Daniel"]
[Black "Bures, Jaroslav"]
[Result "1/2-1/2"]
[WhiteElo "2359"]
[BlackElo "2386"]
[PlyCount "33"]
[EventDate "2025.11.08"]
[EventRounds "9"]
[EventCountry "CZE"]

1. d4 Nf6 2. Nf3 e6 3. e3 b6 4. Bd3 Bb7 5. Nbd2 c5 6. O-O cxd4 7. exd4 Be7 8. Re1
O-O 9. c3 Re8 10. a4 Qc7 11. Nf1 d6 12. Bf4 Nbd7 13. h3 Bc6 14. Bb5 a6 15. Bxc6 Qxc6
16. Ne3 Nd5 17. Nxd5  1/2-1/2

[Event "Brno Open 2025 - A IM Round Robin"]
[Site "Bobycentrum hotel, Brno"]
[Date "2025.11.10"]
[Round "3"]
[Board "1"]
[White "Bures, Jaroslav"]
[Black "Brzezina, Piotr"]
[Result "1/2-1/2"]
[WhiteElo "2386"]
[BlackElo "2330"]
[PlyCount "59"]
[EventDate "2025.11.08"]
[EventRounds "9"]
[EventCountry "CZE"]

1. Nf3 Nf6 2. g3 c5 3. Bg2 Nc6 4. O-O e5 5. c4 d5 6. cxd5 Nxd5 7. Nc3 Nc7 8. d3 Be7
9. Be3 O-O 10. Rc1 Bd7 11. Nd2 b6 12. Nd5 Nxd5 13. Bxd5 Rc8 14. a3 Bh3 15. Bg2 Bxg2
16. Kxg2 Qd5+ 17. f3 f5 18. Qa4 Rfd8 19. Qc4 Qxc4 20. Rxc4 a5 21. g4 g6 22. gxf5
gxf5 23. f4 exf4 24. Rcxf4 Bg5 25. R4f3 Bxe3 26. Rxe3 Re8 27. Rg3+ Kh8 28. e4 fxe4
29. Nxe4 Rf8 30. Rxf8+  1/2-1/2

[Event "Brno Open 2025 - A IM Round Robin"]
[Site "Bobycentrum hotel, Brno"]
[Date "2025.11.10"]
[Round "3"]
[Board "2"]
[White "Korszanski, Stanislaw"]
[Black "Prazak, Daniel"]
[Result "1/2-1/2"]
[WhiteElo "2219"]
[BlackElo "2359"]
[PlyCount "41"]
[EventDate "2025.11.08"]
[EventRounds "9"]
[EventCountry "CZE"]

1. e4 c5 2. Nf3 d6 3. d4 cxd4 4. Nxd4 Nf6 5. Nc3 Nc6 6. Bb5 Bd7 7. Be3 g6 8. Be2
Bg7 9. Qd2 Ng4 10. Bxg4 Bxg4 11. f3 Be6 12. Nxe6 fxe6 13. Bh6 O-O 14. h4 Qb6 15.
Bxg7 Kxg7 16. h5 Qd4 17. hxg6 Qxd2+ 18. Kxd2 hxg6 19. Rh4 Ne5 20. Rah1 Nc4+ 21. Kc1
 1/2-1/2

[Event "Brno Open 2025 - A IM Round Robin"]
[Site "Bobycentrum hotel, Brno"]
[Date "2025.11.10"]
[Round "3"]
[Board "4"]
[White "Nemitz, Alfred"]
[Black "Vyskocil, Neklan"]
[Result "1/2-1/2"]
[WhiteElo "2296"]
[BlackElo "2267"]
[PlyCount "71"]
[EventDate "2025.11.08"]
[EventRounds "9"]
[EventCountry "CZE"]

1. d4 Nf6 2. c4 e6 3. Nf3 d5 4. g3 dxc4 5. Bg2 Bd7 6. Ne5 Bc6 7. Nxc6 Nxc6 8. Qa4
Qd7 9. e3 Nb4 10. Qxd7+ Kxd7 11. Na3 Rb8 12. Ke2 b5 13. b3 Nd3 14. Nc2 a5 15. Bd2
Bb4 16. Ne1 Nxe1 17. Bxe1 Nd5 18. Bd2 Bxd2 19. Kxd2 c3+ 20. Kd3 b4 21. a3 Rb6 22.
axb4 axb4 23. Ra5 Ne7 24. Rha1 Rhb8 25. Rc5 c6 26. Ra7+ R8b7 27. Ra8 Nd5 28. Rca5
Ke7 29. Rg8 g6 30. e4 Nf6 31. Rc8 Nd7 32. e5 Rb8 33. Rc7 R8b7 34. Rc8 Rb8 35. Rc7
R8b7 36. Rc8  1/2-1/2

[Event "Brno Open 2025 - A IM Round Robin"]
[Site "Bobycentrum hotel, Brno"]
[Date "2025.11.10"]
[Round "3"]
[Board "5"]
[White "Andries, Alf"]
[Black "Sliwerski, Radoslaw"]
[Result "1/2-1/2"]
[WhiteElo "2109"]
[BlackElo "2047"]
[PlyCount "70"]
[EventDate "2025.11.08"]
[EventRounds "9"]
[EventCountry "CZE"]

1. e4 c5 2. Nf3 d6 3. d4 cxd4 4. Nxd4 Nf6 5. Nc3 a6 6. Rg1 e5 7. Nb3 Be6 8. g4 d5
9. exd5 Nxd5 10. Nxd5 Qxd5 11. Qxd5 Bxd5 12. Be3 Nc6 13. c3 O-O-O 14. Nd2 Be7 15.
a4 Kb8 16. Bc4 f6 17. Bb6 Rd7 18. Bxd5 Rxd5 19. Ke2 Bd8 20. Be3 Bc7 21. b4 Nd4+ 22.
Kf1 Nc2 23. Ra2 Nxe3+ 24. fxe3 Rd3 25. Ne4 Bb6 26. Rg3 Rxe3 27. Rxe3 Bxe3 28. Rg2
Rd8 29. Ke2 Ba7 30. Rg3 b5 31. axb5 axb5 32. Rf3 h6 33. h4 Kc7 34. g5 hxg5 35. hxg5
fxg5  1/2-1/2

[Event "Brno Open 2025 - A IM Round Robin"]
[Site "Bobycentrum hotel, Brno"]
[Date "2025.11.11"]
[Round "4"]
[Board "1"]
[White "Brzezina, Piotr"]
[Black "Sliwerski, Radoslaw"]
[Result "1-0"]
[WhiteElo "2330"]
[BlackElo "2047"]
[PlyCount "95"]
[EventDate "2025.11.08"]
[EventRounds "9"]
[EventCountry "CZE"]

1. e4 c5 2. Nc3 d6 3. d4 cxd4 4. Qxd4 Nc6 5. Qd2 g6 6. b3 Bh6 7. f4 f5 8. Bb2 Nf6
9. Bd3 Qa5 10. exf5 Bxf5 11. Nge2 O-O-O 12. O-O-O Rhf8 13. Kb1 Kb8 14. Rhf1 Rc8 15.
a3 Bxd3 16. Qxd3 Bg7 17. h3 Nd7 18. g4 Qa6 19. Qe3 Qb6 20. Qf3 Na5 21. Qe4 Qd8 22.
Nd4 Nc5 23. Qe3 Nc6 24. Nf3 Qe8 25. Rfe1 Qf7 26. Ng5 Qg8 27. Nd5 Bxb2 28. Kxb2 e6
29. Nxe6 Rce8 30. Ndc7 Nxe6 31. Nxe6 Nd8 32. Rxd6 Nxe6 33. Rxe6 Rxe6 34. Qxe6 Qxe6
35. Rxe6 Rxf4 36. Re8+ Kc7 37. Re7+ Kc6 38. Rxh7 g5 39. Rg7 Rf3 40. Rg6+ Kc7 41.
Rxg5 Rxh3 42. Rg7+ Kc6 43. g5 Rg3 44. g6 a5 45. Rg8 b6 46. g7 Kb7 47. c4 Ka7 48.
b4  1-0

[Event "Brno Open 2025 - A IM Round Robin"]
[Site "Bobycentrum hotel, Brno"]
[Date "2025.11.11"]
[Round "4"]
[Board "2"]
[White "Vyskocil, Neklan"]
[Black "Andries, Alf"]
[Result "1/2-1/2"]
[WhiteElo "2267"]
[BlackElo "2109"]
[PlyCount "100"]
[EventDate "2025.11.08"]
[EventRounds "9"]
[EventCountry "CZE"]

1. d4 Nf6 2. Nf3 e6 3. c4 d5 4. Nc3 Be7 5. Bf4 O-O 6. e3 b6 7. cxd5 Nxd5 8. Nxd5
Qxd5 9. a3 c5 10. Be2 Ba6 11. dxc5 Qxd1+ 12. Rxd1 Bxe2 13. Kxe2 Bxc5 14. Bd6 Bxd6
15. Rxd6 Rc8 16. Rc1 Na6 17. Rxc8+ Rxc8 18. Rd7 Nc7 19. Ne5 f6 20. Nc4 Ne8 21. Kd3
Rc7 22. Rxc7 Nxc7 23. Nd6 a6 24. Nc8 Na8 25. Kc4 Kf8 26. a4 Ke8 27. a5 bxa5 28. Kc5
Kd8 29. Nd6 Kd7 30. Nc4 Kc7 31. b3 h5 32. h4 g5 33. hxg5 fxg5 34. f3 h4 35. e4 Kd7
36. Nb6+ Nxb6 37. Kxb6 Kd6 38. Kxa5 Ke5 39. Kxa6 Kf4 40. b4 Kg3 41. b5 Kxg2 42. b6
h3 43. b7 h2 44. b8=Q h1=Q 45. Qe5 Qh6 46. Qc3 e5+ 47. Kb5 Qd6 48. Qe3 Qf6 49. Qe2+
Kg3 50. Qe1+ Kg2  1/2-1/2

[Event "Brno Open 2025 - A IM Round Robin"]
[Site "Bobycentrum hotel, Brno"]
[Date "2025.11.11"]
[Round "4"]
[Board "3"]
[White "Kejna, Piotr"]
[Black "Nemitz, Alfred"]
[Result "1/2-1/2"]
[WhiteElo "2348"]
[BlackElo "2296"]
[PlyCount "55"]
[EventDate "2025.11.08"]
[EventRounds "9"]
[EventCountry "CZE"]

1. e4 e5 2. Nf3 Nc6 3. d4 exd4 4. Nxd4 Nf6 5. Nxc6 bxc6 6. e5 Qe7 7. Qe2 Nd5 8. c4
Ba6 9. b3 g6 10. g3 Bg7 11. Bb2 O-O 12. Bg2 Rae8 13. O-O Nb6 14. Re1 f6 15. a4 fxe5
16. Ba3 c5 17. a5 Nc8 18. Nc3 e4 19. Nd5 Qd8 20. Bb2 Bd4 21. Bxd4 cxd4 22. Qg4 Nd6
23. Bxe4 Bb7 24. Bxg6 hxg6 25. Qxg6+ Kh8 26. Qh6+ Kg8 27. Qg6+ Kh8 28. Qh6+  1/2-1/2

[Event "Brno Open 2025 - A IM Round Robin"]
[Site "Bobycentrum hotel, Brno"]
[Date "2025.11.11"]
[Round "4"]
[Board "4"]
[White "Prazak, Daniel"]
[Black "Kulkarni, Bhakti"]
[Result "1/2-1/2"]
[WhiteElo "2359"]
[BlackElo "2318"]
[PlyCount "67"]
[EventDate "2025.11.08"]
[EventRounds "9"]
[EventCountry "CZE"]

1. e4 e5 2. Nf3 Nf6 3. Nc3 Bb4 4. Nxe5 O-O 5. Be2 Re8 6. Nd3 Bxc3 7. dxc3 Nxe4 8.
O-O d5 9. Nf4 c6 10. Be3 Nd7 11. c4 dxc4 12. Bxc4 Ne5 13. Qxd8 Rxd8 14. Bb3 Bf5 15.
Rad1 b6 16. Bd4 Nd7 17. Nd3 Ndc5 18. Bxc5 Nxc5 19. Nxc5 bxc5 20. f3 Kf8 21. g4 Bg6
22. c3 Bd3 23. Rf2 c4 24. Ba4 Rd6 25. Rfd2 Rad8 26. Re1 f6 27. Kf2 g5 28. Bc2 Bg6
29. Rxd6 Rxd6 30. Bxg6 hxg6 31. Re4 Rd2+ 32. Re2 Rd6 33. Kg3 Kf7 34. Re4  1/2-1/2

[Event "Brno Open 2025 - A IM Round Robin"]
[Site "Bobycentrum hotel, Brno"]
[Date "2025.11.11"]
[Round "4"]
[Board "5"]
[White "Bures, Jaroslav"]
[Black "Korszanski, Stanislaw"]
[Result "1-0"]
[WhiteElo "2386"]
[BlackElo "2219"]
[PlyCount "67"]
[EventDate "2025.11.08"]
[EventRounds "9"]
[EventCountry "CZE"]

1. Nf3 Nf6 2. c4 b6 3. g3 Bb7 4. Bg2 g6 5. d4 Bg7 6. O-O O-O 7. Re1 Re8 8. d5 e6
9. Nc3 exd5 10. cxd5 Na6 11. e4 Nc5 12. e5 Ng4 13. Bf4 f6 14. exf6 Nxf6 15. Rxe8+
Qxe8 16. Nb5 Nxd5 17. Ng5 Nxf4 18. Bxb7 Nxb7 19. gxf4 Rb8 20. Nxc7 Qf8 21. Qd5+ Kh8
22. Nf7+ Kg8 23. Ne5+ Kh8 24. Nxd7 Qxf4 25. Nxb8 Qxc7 26. Na6 Qe7 27. Kf1 Nd6 28.
Re1 Qf8 29. Nc7 Qf4 30. Ne6 Qc4+ 31. Qxc4 Nxc4 32. Rc1 b5 33. b3 Bh6 34. Rd1  1-0

[Event "Brno Open 2025 - A IM Round Robin"]
[Site "Bobycentrum hotel, Brno"]
[Date "2025.11.11"]
[Round "5"]
[Board "1"]
[White "Korszanski, Stanislaw"]
[Black "Brzezina, Piotr"]
[Result "0-1"]
[WhiteElo "2219"]
[BlackElo "2330"]
[PlyCount "68"]
[EventDate "2025.11.08"]
[EventRounds "9"]
[EventCountry "CZE"]

1. e4 e5 2. Nf3 Nc6 3. Nc3 Nf6 4. Bb5 Bb4 5. O-O O-O 6. d3 Bxc3 7. bxc3 d6 8. Bg5
h6 9. Bh4 a6 10. Bc4 Na5 11. Bb3 Qe7 12. h3 Nxb3 13. axb3 Qe6 14. Re1 Nh7 15. d4
f6 16. Nh2 Qf7 17. f3 Bd7 18. Bf2 Rae8 19. Qd2 Ng5 20. Rad1 Ne6 21. Nf1 Nf4 22. Be3
g5 23. Bxf4 gxf4 24. c4 Bc8 25. c5 dxc5 26. dxc5 Kh7 27. Kh2 Rg8 28. Re2 Qh5 29.
Qc3 Rg5 30. c6 bxc6 31. Qxc6 Reg8 32. Red2 Bxh3 33. Qxc7+ Kh8 34. Kg1 Qxf3  0-1

[Event "Brno Open 2025 - A IM Round Robin"]
[Site "Bobycentrum hotel, Brno"]
[Date "2025.11.11"]
[Round "5"]
[Board "3"]
[White "Nemitz, Alfred"]
[Black "Prazak, Daniel"]
[Result "0-1"]
[WhiteElo "2296"]
[BlackElo "2359"]
[PlyCount "152"]
[EventDate "2025.11.08"]
[EventRounds "9"]
[EventCountry "CZE"]

1. d4 d5 2. Nf3 e6 3. c4 c6 4. e3 Nf6 5. Bd3 Nbd7 6. Nbd2 Be7 7. b3 O-O 8. Bb2 dxc4
9. bxc4 c5 10. O-O cxd4 11. exd4 b6 12. a4 a5 13. Re1 Bb7 14. Qc2 Rc8 15. Rad1 h6
16. Qb1 Bb4 17. Re3 Ng4 18. Re2 Qc7 19. h3 Ngf6 20. Ne5 Nxe5 21. Rxe5 Rfd8 22. Nf1
Bc6 23. Qa1 Qb7 24. Ne3 Bf8 25. Bf1 Qd7 26. d5 exd5 27. Nf5 Re8 28. Rxe8 Nxe8 29.
g4 Qb7 30. Re1 g6 31. Ne3 dxc4 32. Bxc4 Nd6 33. Bb3 Re8 34. Qd1 Re4 35. Bc2 Rb4 36.
Bc3 Bf3 37. Qc1 Ne4 38. Bxb4 Bxb4 39. Bxe4 Qxe4 40. Qc8+ Kh7 41. Rc1 Bc5 42. Qc7
Kg7 43. Re1 Qxa4 44. Qe5+ Kg8 45. Qb8+ Kh7 46. Qc7 Qa2 47. Qf4 Bc6 48. Nc4 Bxf2+
49. Qxf2 Qxc4 50. Qxb6 Qd5 51. Re2 a4 52. Qe3 Qd6 53. Rd2 Qf6 54. Rf2 Qa1+ 55. Rf1
Qa2 56. Rf2 Qd5 57. Kh2 a3 58. Qd2 Qh1+ 59. Kg3 Bd5 60. Rf1 Qxf1 61. Qxd5 Qg1+ 62.
Kf4 Qh2+ 63. Ke3 Qxh3+ 64. Kd2 Qh2+ 65. Kd3 Qc7 66. Qa8 Qg3+ 67. Kc2 Qxg4 68. Qxa3
Qe2+ 69. Kc1 h5 70. Qb3 Qf1+ 71. Kd2 h4 72. Qb8 h3 73. Ke3 Qg1+ 74. Kd3 Qf2 75. Ke4
h2 76. Qb1 Qf5+  0-1

[Event "Brno Open 2025 - A IM Round Robin"]
[Site "Bobycentrum hotel, Brno"]
[Date "2025.11.11"]
[Round "5"]
[Board "4"]
[White "Andries, Alf"]
[Black "Kejna, Piotr"]
[Result "1/2-1/2"]
[WhiteElo "2109"]
[BlackElo "2348"]
[PlyCount "66"]
[EventDate "2025.11.08"]
[EventRounds "9"]
[EventCountry "CZE"]

1. e4 c5 2. c3 Nf6 3. e5 Nd5 4. Nf3 Nc6 5. Bc4 Nb6 6. Bb3 c4 7. Bc2 d5 8. exd6 Qxd6
9. O-O Bg4 10. h3 Bxf3 11. Qxf3 g6 12. b3 Qd7 13. Na3 Rc8 14. Qe2 cxb3 15. axb3 Bg7
16. d4 O-O 17. Rd1 Rfd8 18. Bb2 a6 19. Nc4 Nxc4 20. bxc4 Qc7 21. c5 e6 22. Be4 Rd7
23. Rdb1 Ne7 24. Bc1 Nd5 25. Ra3 a5 26. Bxd5 exd5 27. Qb5 Re7 28. Bd2 Rce8 29. Be3
Bh6 30. Qxa5 Bxe3 31. Qxc7 Rxc7 32. fxe3 Rce7 33. Rab3 Rxe3  1/2-1/2

[Event "Brno Open 2025 - A IM Round Robin"]
[Site "Bobycentrum hotel, Brno"]
[Date "2025.11.11"]
[Round "5"]
[Board "5"]
[White "Sliwerski, Radoslaw"]
[Black "Vyskocil, Neklan"]
[Result "0-1"]
[WhiteElo "2047"]
[BlackElo "2267"]
[PlyCount "80"]
[EventDate "2025.11.08"]
[EventRounds "9"]
[EventCountry "CZE"]

1. d4 Nf6 2. c4 e6 3. Nc3 d5 4. cxd5 Nxd5 5. e4 Nxc3 6. bxc3 c5 7. Rb1 Be7 8. Nf3
O-O 9. Bc4 cxd4 10. cxd4 Nd7 11. O-O Nf6 12. Qe2 b6 13. Bb2 Bb7 14. Bd3 Rc8 15. Rbc1
Re8 16. Nd2 Rxc1 17. Rxc1 Qb8 18. f3 Rc8 19. Ba6 Rxc1+ 20. Bxc1 Qc8 21. Bxb7 Qxc1+
22. Nf1 h6 23. g3 Qc7 24. Ba6 Qc3 25. Qd3 Bb4 26. Qxc3 Bxc3 27. Kf2 Bxd4+ 28. Ke2
Kf8 29. Ne3 Bxe3 30. Kxe3 e5 31. Bc8 Ke7 32. f4 Kd6 33. Kd3 b5 34. Bh3 a5 35. Bg2
Nd7 36. Bf3 f6 37. f5 Kc5 38. a3 Nb6 39. Kc3 Nc4 40. a4 b4+  0-1

[Event "Brno Open 2025 - A IM Round Robin"]
[Site "Bobycentrum hotel, Brno"]
[Date "2025.11.12"]
[Round "6"]
[Board "1"]
[White "Brzezina, Piotr"]
[Black "Vyskocil, Neklan"]
[Result "1-0"]
[WhiteElo "2330"]
[BlackElo "2267"]
[PlyCount "119"]
[EventDate "2025.11.08"]
[EventRounds "9"]
[EventCountry "CZE"]

1. e4 c5 2. Nf3 Nc6 3. d4 cxd4 4. Nxd4 e5 5. Nb5 d6 6. N1c3 a6 7. Na3 Be6 8. Nc4
Rb8 9. Nd5 Bxd5 10. exd5 Nce7 11. g4 h6 12. a4 Nf6 13. a5 Nexd5 14. Bg2 Nf4 15. Bxf4
exf4 16. Qe2+ Be7 17. O-O-O O-O 18. h4 Re8 19. g5 Bf8 20. Qd3 Ng4 21. Bd5 Kh8 22.
Qf5 Ne5 23. Nxe5 Rxe5 24. Qxf7 Be7 25. gxh6 gxh6 26. Qxf4 Qf8 27. Qd2 Bf6 28. Rhg1
Bg7 29. Rg6 Rbe8 30. Kb1 Re2 31. Qc1 R8e5 32. Bc4 R2e4 33. Bb3 Kh7 34. Rdg1 Re7 35.
c3 Rxh4 36. Rxd6 Kh8 37. Qd1 Rf4 38. Qd3 Rf3 39. Qd5 Rxf2 40. Rxh6+ Bxh6 41. Rg8+
Kh7 42. Bc2+ Rxc2 43. Rxf8 Rxb2+ 44. Kxb2 Bxf8 45. Qf5+ Kg8 46. Kb3 Bg7 47. c4 Re3+
48. Kb4 Re5 49. Qg6 Kf8 50. c5 Rd5 51. Qe6 Rd4+ 52. Kb3 Rd3+ 53. Kc2 Rd8 54. Qf5+
Kg8 55. Qe4 Rd4 56. Qxb7 Rc4+ 57. Kd3 Rxc5 58. Qxa6 Rd5+ 59. Ke4 Re5+ 60. Kf4  1-0

[Event "Brno Open 2025 - A IM Round Robin"]
[Site "Bobycentrum hotel, Brno"]
[Date "2025.11.12"]
[Round "6"]
[Board "2"]
[White "Kejna, Piotr"]
[Black "Sliwerski, Radoslaw"]
[Result "1/2-1/2"]
[WhiteElo "2348"]
[BlackElo "2047"]
[PlyCount "36"]
[EventDate "2025.11.08"]
[EventRounds "9"]
[EventCountry "CZE"]

1. e4 c5 2. Nf3 d6 3. d4 cxd4 4. Nxd4 Nf6 5. Nc3 a6 6. f4 e5 7. Nb3 Qc7 8. f5 b5
9. Be3 Bb7 10. Qd3 Nbd7 11. Be2 Be7 12. Nd5 Nxd5 13. exd5 Nf6 14. Bf3 Rc8 15. c3
Qc4 16. Qd2 e4 17. Be2 Qxd5 18. Nd4 O-O  1/2-1/2

[Event "Brno Open 2025 - A IM Round Robin"]
[Site "Bobycentrum hotel, Brno"]
[Date "2025.11.12"]
[Round "6"]
[Board "3"]
[White "Prazak, Daniel"]
[Black "Andries, Alf"]
[Result "1-0"]
[WhiteElo "2359"]
[BlackElo "2109"]
[PlyCount "57"]
[EventDate "2025.11.08"]
[EventRounds "9"]
[EventCountry "CZE"]

1. e4 e5 2. Nf3 Nc6 3. Bc4 Nf6 4. d3 Bc5 5. c3 a6 6. O-O d6 7. a4 Ba7 8. Re1 O-O
9. h3 h6 10. Nbd2 Re8 11. b4 Be6 12. Bxe6 Rxe6 13. Bb2 Ne7 14. d4 Ng6 15. g3 Qd7
16. Ra3 Rc8 17. Qc2 c6 18. dxe5 dxe5 19. c4 a5 20. bxa5 Qc7 21. Rb3 Nd7 22. Ba3 Bc5
23. Qb2 Rb8 24. Rd3 Rd6 25. Ree3 Ra8 26. Nb3 Bxe3 27. Bxd6 Bxf2+ 28. Qxf2 Qc8 29.
Nh4  1-0

[Event "Brno Open 2025 - A IM Round Robin"]
[Site "Bobycentrum hotel, Brno"]
[Date "2025.11.12"]
[Round "6"]
[Board "4"]
[White "Bures, Jaroslav"]
[Black "Nemitz, Alfred"]
[Result "0-1"]
[WhiteElo "2386"]
[BlackElo "2296"]
[PlyCount "78"]
[EventDate "2025.11.08"]
[EventRounds "9"]
[EventCountry "CZE"]

1. e4 e5 2. Nf3 Nc6 3. Bb5 a6 4. Ba4 Nf6 5. O-O Be7 6. Re1 b5 7. Bb3 O-O 8. a4 d5
9. Bxd5 Nxd5 10. exd5 Nb4 11. axb5 e4 12. Ne5 Qxd5 13. Nc6 Nxc6 14. Nc3 Qg5 15. d4
Qg6 16. bxc6 Bg4 17. Ne2 Bf3 18. Nf4 Qg5 19. Qd2 Bd6 20. Qa5 f5 21. g3 Kh8 22. Nh3
Qg4 23. Ng5 f4 24. h3 Qc8 25. g4 Bxg4 26. hxg4 Qxg4+ 27. Kf1 Rf5 28. Nf7+ Rxf7 29.
Rxe4 Qh3+ 30. Ke2 Qg2 31. Kd3 Qf3+ 32. Be3 fxe3 33. fxe3 Rf5 34. Qe1 Rb5 35. b3 Qf5
36. Qh1 h6 37. Rf1 Qd5 38. Rf6 Rf8 39. Rfe6 Rb6  0-1